| 000 | 00680pam a2200205 i 4500 | ||
|---|---|---|---|
| 020 | _a0024138703 | ||
| 082 | 0 | 0 |
_a624.15136 _bSOW _cL-26, P-83 |
| 100 | 1 |
_aSowers, George F. _942408 |
|
| 245 | 1 | 0 |
_aIntroductory soil mechanics and foundations : _bgeotechnical engineering / _cGeorge F. Sowers. |
| 250 | _a4th ed. | ||
| 260 |
_aNew York : _bMacmillan, _cc1979. |
||
| 300 |
_axvii, 621 p. : _bill. ; _c24 cm. |
||
| 500 | _aThird ed., published in 1970, by G. B. Sowers and G. F. Sowers. | ||
| 526 |
_a0 _b0 _c0 _d624_151360000000000_SOW |
||
| 650 | 0 |
_aFoundations. _9892 |
|
| 650 | 0 |
_aMCE _9379 |
|
| 650 | 0 | _aSoil mechanics. | |
| 700 | 1 |
_aSowers, George B. _942409 |
|
| 942 |
_2ddc _cBK |
||
| 999 |
_c546371 _d546371 |
||